|
|
|
|
| LEADER |
00967nam a2200241 a 4500 |
| 001 |
12894942 |
| 008 |
110227s2003 nyu b 001 0 eng d |
| 010 |
|
|
|a 2002028094
|
| 020 |
|
|
|a 0470843993
|
| 040 |
|
|
|a DLC
|c DLC
|d DLC
|d BD-DhAAL
|
| 082 |
0 |
0 |
|a 005.13/3
|2 21
|
| 100 |
1 |
|
|a Josuttis, Nicolai M.
|
| 240 |
1 |
0 |
|a Objektorientiertes Programmieren in C++.
|l English
|
| 245 |
1 |
0 |
|a Object-oriented programming in C++ /
|c Nicolai M. Josuttis.
|
| 260 |
|
|
|a New York :
|b J. Wiley,
|c 2003.
|
| 300 |
|
|
|a xiv, 610 p. ;
|c 24 cm.
|
| 504 |
|
|
|a Includes bibliographical references and index.
|
| 541 |
1 |
|
|e 00021969
|
| 650 |
|
0 |
|a Object-oriented programming (Computer science)
|
| 650 |
|
0 |
|a C++ (Computer program language)
|
| 852 |
4 |
|
|a Ayesha Abed Library
|j General shelf
|
| 999 |
|
|
|c 10492
|d 10492
|
| 952 |
|
|
|0 0
|1 0
|2 ddc
|4 0
|6 005_133000000000000_JOS
|7 0
|9 14481
|a BRACUL
|b BRACUL
|c GEN
|d 2011-02-27
|e Karim International
|g 6070.00
|l 4
|m 54
|o 005.133 JOS
|p 3010021969
|r 2024-02-17
|s 2024-01-21
|t 1
|w 2011-02-27
|y BK
|